LEADER 04324nam 22006975 450 001 9910495194403321 005 20251113180741.0 010 $a981-16-4365-2 024 7 $a10.1007/978-981-16-4365-1 035 $a(CKB)5600000000003476 035 $a(MiAaPQ)EBC6714486 035 $a(Au-PeEL)EBL6714486 035 $a(PPN)257357459 035 $a(OCoLC)1266906864 035 $a(DE-He213)978-981-16-4365-1 035 $a(EXLCZ)995600000000003476 100 $a20210827d2021 u| 0 101 0 $aeng 135 $aurcnu|||||||| 181 $ctxt$2rdacontent 182 $cc$2rdamedia 183 $acr$2rdacarrier 200 10$aApplication of Ionic Liquids in Drug Delivery /$fedited by Masahiro Goto, Muhammad Moniruzzaman 205 $a1st ed. 2021. 210 1$aSingapore :$cSpringer Nature Singapore :$cImprint: Springer,$d2021. 215 $a1 online resource (246 pages) 225 1 $aChemistry and Materials Science Series 311 08$a981-16-4364-4 327 $a1. Design Principles of Ionic Liquids for drug delivery systems -- 2. Ionic liquids as active pharmaceutical ingredients (APIs) -- 3. Ionic liquids for topical and transdermal drug delivery -- 4. Ionic liquids for enhanced solubility of sparingly soluble drug molecules -- 5. Ionic liquids for the preparation of biopolymer materials for drug delivery -- 6. Ionic liquid based oral drug delivery systems -- 7. Polymer-based drug delivery systems comprising ionic liquids -- 8. Ionic liquids as strategic tools to improve the performance of drug delivery systems -- 9. Ionic liquid surfactants for medical and pharmaceutical applications -- 10. Ionic liquids for transdermal cancer immune therapy -- 11. Ionic liquids as potential antimicrobial agents -- 12. Ionic liquid assisted emulsions for drug delivery -- 13. Design and selection of ionic liquids via COSMO-RS for pharmaceutics and medicine. 330 $aThis book presents recent advances in the use of ionic liquids in medicine and pharmaceutics with particular emphasis on addressing critical pharmaceutical challenges, including the low solubility, polymorphism, and bioavailability of drugs. It also provides insights into the development of the biologically functionalized ionic liquids suitable for medical and pharmaceutical applications. Ionic liquids have been used as potential solvents or materials in the fields of pharmaceutical drug delivery and formulations because of their unique and tunable physicochemical and biological properties. Readers find explanations of the diverse approaches to the application of ionic liquids in drug solubility, active pharmaceutical ingredient (API) formulation, and drug delivery systems, such as topical, transdermal, and oral delivery, with particular emphasis on recent developments. Particular attention is given to the development of ionic liquid-assisted effective drug delivery techniques for sparingly soluble or insoluble drug molecules. This book also discusses the biological activities of ionic liquids for possible applications in drug formulation and drug delivery systems. Scientists in disciplines such as chemistry, biology, and pharmaceutics find this book instructive and informative for developing ionic liquid-based drug formulations or drug delivery systems. 410 0$aChemistry and Materials Science Series 606 $aPharmaceutical chemistry 606 $aBiomaterials 606 $aPharmaceutical chemistry 606 $aPharmacy 606 $aBiochemical engineering 606 $aMedicinal Chemistry 606 $aBiomaterials 606 $aPharmaceutics 606 $aPharmacy 606 $aBioprocess Engineering 615 0$aPharmaceutical chemistry. 615 0$aBiomaterials. 615 0$aPharmaceutical chemistry. 615 0$aPharmacy. 615 0$aBiochemical engineering. 615 14$aMedicinal Chemistry. 615 24$aBiomaterials. 615 24$aPharmaceutics. 615 24$aPharmacy. 615 24$aBioprocess Engineering. 676 $a615.19 700 $aGoto$b Masahiro$0873411 702 $aMoniruzzaman$b Muhammad 801 0$bMiAaPQ 801 1$bMiAaPQ 801 2$bMiAaPQ 906 $aBOOK 912 $a9910495194403321 996 $aApplication of Ionic Liquids in Drug Delivery$91949708 997 $aUNINA